Manipulation and ideologies in the twentieth century (Record no. 206519)
[ view plain ]
| 000 -LEADER | |
|---|---|
| fixed length control field | 01578nam a2200385Ia 4500 |
| 082 04 - DEWEY DECIMAL CLASSIFICATION NUMBER | |
| Classification number | 401/.41 |
| 245 00 - TITLE STATEMENT | |
| Title | Manipulation and ideologies in the twentieth century |
| 260 ## - PUBLICATION, DISTRIBUTION, ETC. (IMPRINT) | |
| Place of publication | Philadelphia : |
| Name of publisher | J. Benjamins Pub. Co., |
| Year of publication | 2005. |
| 300 ## - PHYSICAL DESCRIPTION | |
| Number of Pages | xvi, 312 p. |
| 490 1# - SERIES STATEMENT | |
| Series statement | Discourse approaches to politics, society, and culture, |
| 650 #0 - SUBJECT ADDED ENTRY--TOPICAL TERM | |
| Topical Term | Discourse analysis |
| Topical Term | Pragmatics. |
| Topical Term | Psycholinguistics. |
| Topical Term | Thought and thinking. |
| Topical Term | Ideology. |
| Topical Term | Manipulative behavior. |
| 700 1# - ADDED ENTRY--PERSONAL NAME | |
| Personal name | Saussure, Louis de. |
| Personal name | Schulz, Peter, |
| 856 40 - ELECTRONIC LOCATION AND ACCESS | |
| Uniform Resource Identifier | http://site.ebrary.com/lib/rucke/Doc?id=10103909 |
No items available.
